000 00278nam a22001217a 4500
008 170404b xxu||||| |||| 00| 0 eng d
041 _aeng
080 _25 ED
_a574
100 _a9
101 _aSHM
245 _aFARMERS GUIDE TO DISARTER ASSISTANCE
_cKRUB.K..R
942 _2udc
_cBK
999 _c9629
_d9629